[Event "Najdorf Memorial"]
[Site "Warsaw POL"]
[Date "2024.07.11"]
[Round "3.5"]
[White "Padalka, Artem"]
[Black "Rozentalis, Eduardas"]
[Result "0-1"]
[WhiteElo "2177"]
[BlackElo "2480"]

1. d4 Nf6 2. Nf3 b5 3. e4 Nxe4 4. Bxb5 e6 5. O-O Bb7 6. Nbd2 Nf6 7. Nb3 Be7
8. Na5 Bxf3 9. Qxf3 c6 10. Nb3 O-O 11. Bd2 d5 12. Bd3 Nbd7 13. Rfe1 a5 14.
a4 Qb6 15. g4 c5 16. dxc5 Nxc5 17. Nxc5 Bxc5 18. Bc3 Bd4 19. g5 Bxc3 20.
bxc3 Nd7 21. c4 dxc4 22. Bxc4 Qc5 23. Qf4 Nb6 24. Bb3 Rfd8 25. Qe5 Rac8 26.
Qxc5 Rxc5 27. h4 Kf8 28. Rad1 Rxd1 29. Rxd1 Ke7 30. Kg2 Nd7 31. Kg3 Rc3+
32. Rd3 Rc7 33. Kf4 Nc5 34. Rc3 Kd6 35. Ke3 Rb7 36. Bc4 Rb4 37. f4 Nxa4 38.
Rd3+ Ke7 39. Ba2 Nc5 40. Ra3 a4 41. Rc3 Kd6 42. h5 h6 43. gxh6 gxh6 44. Bc4
f6 45. Kd4 e5+ 46. fxe5+ fxe5+ 47. Ke3 Rb1 48. Kf3 Rh1 49. Kg4 Rg1+ 50. Kh4
e4 51. Bf7 Rf1 52. Ba2 Ra1 53. Bf7 a3 54. Rg3 Ke5 55. Kg4 Rf1 56. Bg8 Rf4+
57. Kh3 Rf3 58. Rxf3 exf3 59. Ba2 Kf4 60. Bd5 Ke3 61. Kh2 f2 62. Kg2 Ke2
63. Bc4+ Ke1 0-1

[Event "Najdorf Memorial"]
[Site "Warsaw POL"]
[Date "2024.07.11"]
[Round "3.6"]
[White "Mis, Mieszko"]
[Black "Pujari, Rucha"]
[Result "1-0"]
[WhiteElo "2351"]
[BlackElo "2173"]

1. Nf3 d5 2. g3 Nf6 3. Bg2 e6 4. O-O Bd6 5. c4 O-O 6. b3 d4 7. Bb2 e5 8. c5
Bxc5 9. Nxe5 Re8 10. Nf3 a5 11. Na3 d3 12. e3 Nc6 13. Nb5 Bb6 14. h3 Be6
15. Ne1 Bf5 16. Kh2 Qe7 17. Rc1 Qe6 18. Rc4 Rad8 19. Qa1 Ne4 20. Nf3 Qh6
21. Qc1 Re6 22. Nh4 Bg6 23. Nxg6 Qxg6 24. Nc3 f5 25. g4 Nxc3 26. Qxc3 Ne5
27. gxf5 Qxf5 28. f4 Ng4+ 29. hxg4 Qxg4 30. f5 Rh6+ 31. Kg1 Qg3 32. Qe5 Qg5
33. f6 1-0

[Event "Najdorf Memorial"]
[Site "Warsaw POL"]
[Date "2024.07.11"]
[Round "3.7"]
[White "Fiszer, Bartosz"]
[Black "Sprzeczka, Emilia"]
[Result "1-0"]
[WhiteElo "2335"]
[BlackElo "2101"]

1. Nf3 Nf6 2. g3 g6 3. b3 Bg7 4. Bb2 O-O 5. Bg2 d5 6. c4 Nc6 7. cxd5 Nxd5
8. Bxg7 Kxg7 9. d4 Bf5 10. O-O Ncb4 11. a3 Na6 12. Ne5 Bxb1 13. Qxb1 Rc8
14. Qb2 f6 15. Nd3 e6 16. e4 Nb6 17. Nf4 Re8 18. Bh3 Qd6 19. d5 e5 20. Bxc8
exf4 21. Bxb7 Nc5 22. Bc6 Rxe4 23. b4 Ncd7 24. Bxd7 Nxd7 25. Qb3 Qe5 26.
Rac1 h5 27. Qc3 Qf5 28. Rce1 Rxe1 29. Rxe1 Ne5 30. gxf4 Nd3 31. Kf1 Nxe1
32. Qxc7+ Kh6 33. Qb8 Qd3+ 34. Kxe1 Qe4+ 35. Kf1 Qh1+ 36. Ke2 Qe4+ 37. Kd2
Qd4+ 38. Kc2 Qxf2+ 39. Kb3 Qf3+ 40. Kc4 Qe4+ 41. Kc5 Qe3+ 42. Kc6 Qc3+ 43.
Kd7 f5 44. d6 Qd4 45. Qf8+ Kh7 46. Qe7+ Kh6 47. Qe5 Qxe5 48. fxe5 f4 49.
Ke7 f3 50. d7 f2 51. d8=Q f1=Q 52. Qh8+ Kg5 53. Qf6+ 1-0

[Event "Najdorf Memorial"]
[Site "Warsaw POL"]
[Date "2024.07.11"]
[Round "3.8"]
[White "Fus, Jakub"]
[Black "Zalega, Maciej"]
[Result "1/2-1/2"]
[WhiteElo "2444"]
[BlackElo "2093"]

1. d4 Nf6 2. c4 g6 3. Nc3 Bg7 4. e4 d6 5. Nf3 O-O 6. Be2 e5 7. O-O Na6 8.
Re1 exd4 9. Nxd4 c6 10. Bf1 Nc5 11. f3 a5 12. Be3 Qc7 13. Qd2 Rd8 14. Red1
Bd7 15. b3 Be8 16. Rac1 Rac8 17. Qf2 Qe7 18. Re1 Nfd7 19. Rcd1 Ne6 20. Nde2
Ndc5 21. g3 f5 22. exf5 gxf5 23. Nd4 Bg6 24. Nce2 Nxd4 25. Bxd4 Bxd4 26.
Qxd4 Qe5 27. Qd2 Qf6 28. Qxa5 Ra8 29. Qd2 Ne6 30. Nc3 f4 31. Bg2 Rd7 32.
Ne4 Bxe4 33. Rxe4 d5 34. Ree1 Rdd8 35. Qe2 Nd4 36. Qf2 dxc4 37. bxc4 c5 38.
Re4 Qa6 39. Rde1 Qxa2 40. Rxf4 Qxf2+ 41. Kxf2 Ra2+ 42. Kf1 Rc2 43. Rg4+ Kf8
44. Rh4 Ra8 45. Rf4+ Kg8 46. Rg4+ Kf8 47. f4 Raa2 48. Bd5 Rf2+ 49. Kg1 Nf3+
50. Bxf3 Rxf3 51. Rh4 Kg7 52. Re7+ Kf6 53. Rxb7 Rc3 54. Rb1 Rxc4 55. Rf1
Rcc2 56. f5 c4 57. Rh6+ 1/2-1/2

[Event "Najdorf Memorial"]
[Site "Warsaw POL"]
[Date "2024.07.11"]
[Round "3.9"]
[White "Cukrowski, Filip"]
[Black "Smietanska, Wiktoria"]
[Result "1-0"]
[WhiteElo "2403"]
[BlackElo "2125"]

1. d4 Nf6 2. c4 e6 3. Nf3 d5 4. g3 Bb4+ 5. Bd2 Be7 6. Qc2 O-O 7. Bg2 Nbd7
8. O-O c6 9. cxd5 cxd5 10. Nc3 b6 11. Rfc1 Bb7 12. Ne1 Rc8 13. Qb3 Ne8 14.
Nd3 Nd6 15. Nb5 Nc4 16. Bb4 a6 17. Bxe7 Qxe7 18. Nc3 Rc7 19. Qd1 Rfc8 20.
b3 Nd6 21. Qd2 Nf5 22. e3 Nf6 23. Na4 Nd7 24. Rxc7 Rxc7 25. Ne5 Nxe5 26.
dxe5 b5 27. Nb2 Qc5 28. Nd3 Qc3 29. Qd1 Qa5 30. b4 Qa3 31. Qb3 Rc3 32. Qxa3
Rxa3 33. Rd1 Ne7 34. Rd2 Rc3 35. f4 Bc6 36. Kf2 Kf8 37. Ne1 Ke8 38. Rc2 Rc4
39. a3 Kd8 40. Bf1 Rxc2+ 41. Nxc2 Kc7 42. g4 Nc8 43. Bd3 g6 44. h4 Nb6 45.
h5 Nc4 46. h6 Kd7 47. Nd4 Bb7 48. Nf3 d4 49. Bxc4 bxc4 50. Nxd4 Be4 51. Ne2
Ke7 52. Nc3 Bd3 53. e4 Kd7 54. Ke3 Kc6 55. Kd4 Kb6 56. Na4+ Kb5 57. Nc5 Be2
58. Nd7 Ka4 59. Kc3 Bxg4 60. Nf6 Bf3 61. Nxh7 1-0

[Event "Najdorf Memorial"]
[Site "Warsaw POL"]
[Date "2024.07.11"]
[Round "3.10"]
[White "Jarzebowski, Kacper"]
[Black "Dzida, Kamil"]
[Result "0-1"]
[WhiteElo "2131"]
[BlackElo "2385"]

1. d4 d5 2. c4 e6 3. Nf3 c6 4. g3 dxc4 5. Bg2 b5 6. O-O Nf6 7. e3 Bb7 8.
Qe2 Nbd7 9. b3 cxb3 10. axb3 a6 11. e4 c5 12. d5 e5 13. Bb2 Bd6 14. Nbd2
O-O 15. Rfc1 Qb6 16. Nh4 Rfc8 17. g4 g6 18. Rc3 Bf8 19. Rh3 a5 20. f4 Re8
21. Rf1 exf4 22. g5 Nxd5 23. Qf2 c4 24. Bd4 Qxd4 25. Qxd4 Bc5 26. Qxc5 Nxc5
27. exd5 f3 28. Nhxf3 c3 29. Nb1 Re3 30. Nd4 Rxh3 31. Bxh3 b4 32. Bg2 Rd8
33. Rd1 Rd7 34. Nc2 Nxb3 35. Ne3 Nc5 36. Rd4 Re7 37. Nxc3 Rxe3 38. Nd1 Re5
39. h4 b3 40. Kf2 a4 41. d6 Bxg2 42. Kxg2 a3 43. d7 Nxd7 44. Rxd7 a2 45.
Ra7 Re1 0-1

[Event "Najdorf Memorial"]
[Site "Warsaw POL"]
[Date "2024.07.11"]
[Round "3.11"]
[White "Johannesson, Ingvar Thor"]
[Black "Rekuc, Patryk"]
[Result "1/2-1/2"]
[WhiteElo "2314"]
[BlackElo "2107"]

1. Nf3 c5 2. g3 g6 3. Bg2 Bg7 4. O-O Nf6 5. c3 O-O 6. d4 cxd4 7. cxd4 d5 8.
Nc3 Nc6 9. Ne5 e6 10. Nxc6 bxc6 11. Na4 Nd7 12. Be3 Qa5 13. Rc1 Ba6 14. b3
Bb5 15. Nc3 Rac8 16. Qd2 Rfe8 17. Rc2 Bf8 18. Nxb5 Qxb5 19. Bh6 Ba3 20. Rd1
Qb4 21. Qd3 Qb5 22. Qd2 Qb4 23. Qd3 Qb5 24. Bc1 Bf8 25. Bb2 Qxd3 26. Rxd3
c5 27. dxc5 Rxc5 28. Rxc5 Nxc5 29. Rd1 a5 30. Rc1 Na6 31. Bf1 Nb4 32. a3
Na6 33. e3 Nc5 34. b4 axb4 35. axb4 Ne4 36. b5 Nd2 37. Be2 Bg7 38. Bc3 Bxc3
39. Rxc3 Rb8 40. Rc2 Nc4 41. Bxc4 dxc4 42. Rxc4 Rxb5 43. g4 h5 44. h3 hxg4
45. hxg4 g5 46. Kg2 Kg7 47. Kg3 Rb3 48. Kf3 Rb2 49. Rc3 Kg6 50. Kg3 e5 51.
Rc6+ f6 52. Kf3 Ra2 53. Rc7 Rb2 54. Ra7 1/2-1/2

[Event "Najdorf Memorial"]
[Site "Warsaw POL"]
[Date "2024.07.11"]
[Round "3.12"]
[White "Koziorowicz, Michal"]
[Black "Nesterenko, Kyrylo"]
[Result "0-1"]
[WhiteElo "2285"]
[BlackElo "2103"]

1. e4 e5 2. Nf3 Nc6 3. Bc4 Nf6 4. d4 exd4 5. e5 d5 6. Bb5 Ne4 7. Nxd4 Bd7
8. Bxc6 bxc6 9. O-O Bc5 10. f3 Ng5 11. f4 Ne4 12. Be3 O-O 13. Nd2 f6 14.
Nxe4 dxe4 15. e6 Bxd4 16. Qxd4 Bxe6 17. Qxe4 Bd5 18. Qb4 Qe8 19. Bc5 Qg6
20. Qd2 Rfe8 21. f5 Qg4 22. Rf4 Qh5 23. Bf2 Re2 24. Qd3 Qg5 25. g3 Rae8 26.
c4 Bf7 27. Bxa7 Rxb2 28. Bd4 Rb4 29. Be3 Qh5 30. a4 Rb2 31. Bf2 Qe2 32. Qd4
Qc2 33. Qc5 Rb1+ 34. Rxb1 Qxb1+ 35. Kg2 Qb7 36. Bd4 Qb3 37. Qxc6 Qxc4 38.
Qxc4 Bxc4 39. Bc5 Re2+ 40. Kf3 Rc2 41. Ke3 Ba6 42. Ba7 Rxh2 43. Rd4 Re2+
44. Kf3 Re5 45. g4 h5 46. Rd8+ Kh7 47. Bd4 hxg4+ 48. Kxg4 Ra5 49. Rd7 Rxa4
50. Kg3 Ra3+ 51. Kg4 Rd3 52. Kh5 Rd2 53. Rd8 Rd1 54. Kh4 Be2 55. Kg3 c5 56.
Re8 Bh5 57. Rc8 cxd4 58. Rd8 d3 59. Rxd3 Rxd3+ 60. Kh4 Rd5 0-1

[Event "Najdorf Memorial"]
[Site "Warsaw POL"]
[Date "2024.07.11"]
[Round "3.13"]
[White "Rzewucki, Jan"]
[Black "Dhananjay, S"]
[Result "1-0"]
[WhiteElo "1960"]
[BlackElo "2207"]

1. e4 c5 2. Be2 Nc6 3. d3 g6 4. f4 Bg7 5. Nf3 d6 6. c3 Nf6 7. O-O O-O 8.
Kh1 b5 9. a3 a5 10. Be3 Ba6 11. Nbd2 b4 12. d4 bxa3 13. bxa3 cxd4 14. cxd4
d5 15. Bxa6 Rxa6 16. e5 Nd7 17. Rc1 a4 18. Nh4 e6 19. Ndf3 Qe7 20. Rc3 f6
21. Qc2 Na7 22. Rb1 Rb8 23. Rxb8+ Nxb8 24. Rc7 Qe8 25. Qb2 Bh8 26. Qb7 Qf8
27. Bd2 Qd8 28. Qb2 Nac6 29. Qb7 Qc8 30. Rxc8+ 1-0

[Event "Najdorf Memorial"]
[Site "Warsaw POL"]
[Date "2024.07.11"]
[Round "3.14"]
[White "Chiszko, Oskar"]
[Black "Kazmierowski, Tymon"]
[Result "1/2-1/2"]
[WhiteElo "2192"]
[BlackElo "2096"]

1. e4 e5 2. Nf3 Nc6 3. Bb5 a6 4. Ba4 Nf6 5. O-O Be7 6. Re1 b5 7. Bb3 O-O 8.
a4 Bb7 9. c3 d5 10. exd5 Nxd5 11. d3 Bf6 12. Nfd2 Bg5 13. g3 Re8 14. Ne4
Bxc1 15. Qxc1 Na5 16. Ba2 bxa4 17. Nbd2 Nf6 18. Qc2 Nxe4 19. dxe4 Bc6 20.
Rad1 Qf6 21. Re3 Rad8 22. Nc4 Nxc4 23. Bxc4 Bb5 24. Bd5 Rd6 25. c4 Bc6 26.
Kg2 Bxd5 27. cxd5 c6 28. Qxa4 Red8 29. Red3 h6 30. Qc4 cxd5 31. Rxd5 Rxd5
32. Rxd5 Rb8 33. Qc3 Re8 34. Qc7 Kh7 35. Rd7 Kg6 36. h4 h5 37. Rd3 Re6 38.
Qc8 Kh7 39. Rd8 g6 40. Rd7 Kg7 41. Qc7 Re8 42. Qc5 Qe6 43. Qd5 Qxd5 44.
Rxd5 Kf6 45. Ra5 Re6 1/2-1/2

[Event "Najdorf Memorial"]
[Site "Warsaw POL"]
[Date "2024.07.11"]
[Round "3.15"]
[White "Czajkowski, Adam"]
[Black "Kondys, Piotr"]
[Result "1/2-1/2"]
[WhiteElo "2184"]
[BlackElo "2089"]

1. e4 e6 2. d3 c5 3. Nf3 Nc6 4. g3 g6 5. Bg2 Bg7 6. O-O Nge7 7. c3 e5 8. a3
a5 9. Nbd2 a4 10. Re1 d6 11. b4 axb3 12. Qxb3 Na5 13. Qc2 b5 14. Rb1 Ba6
15. a4 bxa4 16. Qxa4+ Nac6 17. Qc2 O-O 18. Nb3 Na5 19. Nxa5 Qxa5 20. Bd2
Rfb8 21. Ra1 Qb5 22. Bf1 Qd7 23. Reb1 1/2-1/2

[Event "Najdorf Memorial"]
[Site "Warsaw POL"]
[Date "2024.07.11"]
[Round "3.16"]
[White "Mirski, Stanislaw"]
[Black "Ishvi, Aggarwal"]
[Result "1/2-1/2"]
[WhiteElo "2174"]
[BlackElo "1958"]

1. d4 d5 2. Nf3 Nf6 3. g3 e6 4. Bg2 b5 5. O-O Bb7 6. a4 b4 7. c4 dxc4 8.
Nbd2 c5 9. Nxc4 cxd4 10. Qxd4 Nc6 11. Qh4 Ne7 12. Bg5 Ng6 13. Qh3 h6 14.
Bh4 Nxh4 15. Qxh4 Bc5 16. Rfd1 Qe7 17. Rac1 O-O 18. Na5 Bd5 19. Ne5 Rfc8
20. Nd3 Bxg2 21. Kxg2 Bb6 22. Nc4 Bd8 23. Qd4 Qb7+ 24. f3 Be7 25. e4 Rd8
26. Qe3 b3 27. Na5 Qb6 28. Qxb6 axb6 29. Nc6 Re8 30. Rc3 Rxa4 31. Rxb3 Bc5
32. Nxc5 bxc5 33. Rc1 g5 34. Rxc5 g4 35. Rb4 Rxb4 36. Nxb4 Rd8 37. Rc2 Rd4
38. Nc6 gxf3+ 39. Kxf3 Rxe4 40. b4 Re1 41. Rb2 Nd5 42. b5 Nb6 43. Kf2 Rh1
44. Kg2 Rc1 45. Kf3 Re1 46. Kf2 Rh1 47. Kf3 1/2-1/2

[Event "Najdorf Memorial"]
[Site "Warsaw POL"]
[Date "2024.07.11"]
[Round "3.17"]
[White "Gibala, Adam"]
[Black "Sujkowski, Pawel"]
[Result "1/2-1/2"]
[WhiteElo "2171"]
[BlackElo "1985"]

1. e4 c5 2. Nf3 Nc6 3. d4 cxd4 4. Nxd4 e5 5. Nb5 d6 6. c4 Be7 7. N1c3 a6 8.
Na3 Be6 9. Nc2 Bg5 10. Be2 Bxc1 11. Rxc1 Nf6 12. O-O O-O 13. Qd2 Qb8 14.
Rfd1 Rd8 15. Qe3 Qa7 16. Qd3 Ne7 17. b3 Rac8 18. a3 h6 19. Rd2 b5 20. Nd5
Nexd5 21. exd5 bxc4 22. bxc4 Bd7 23. Ne3 Rb8 24. c5 Bb5 25. Qf5 Bd7 26. Qd3
Bb5 27. Qf5 Bd7 28. Qc2 dxc5 29. Nc4 Bb5 30. Nxe5 Rxd5 31. Rxd5 Nxd5 32.
Bc4 Bxc4 33. Qxc4 Qb7 34. Qxc5 Nf4 35. Nc6 Ne2+ 36. Kf1 Nxc1 37. Nxb8 Qb1
38. Qc8+ Kh7 39. g3 Qd3+ 40. Kg2 Qd5+ 41. f3 Nd3 42. Nd7 Qa2+ 43. Kh3 g5
44. Nf6+ Kg6 45. Ng4 Nf2+ 46. Nxf2 Qxf2 47. Qxa6+ f6 48. Qd3+ Kg7 49. Kg4
h5+ 50. Kxh5 Qxh2+ 51. Kg4 Qh8 52. Qf5 Qe8 53. Kh3 Qa4 54. Qd3 Qa8 55. Qb3
Qc8+ 56. Kg2 Qc6 57. Kh2 Qc5 58. a4 g4 59. Qb7+ Kh6 60. fxg4 Qc2+ 61. Kh3
Qxa4 62. Qb6 Kg7 63. Qc7+ Kg6 64. Qf4 Qc6 65. Qf5+ Kg7 66. Qf1 Qe4 67. Qd1
Qh7+ 68. Kg2 Qe4+ 69. Qf3 Qc2+ 70. Kg1 Qc1+ 71. Kh2 Qc2+ 72. Qg2 Qh7+ 73.
Kg1 Qb1+ 74. Kh2 1/2-1/2

[Event "Najdorf Memorial"]
[Site "Warsaw POL"]
[Date "2024.07.11"]
[Round "3.18"]
[White "Nagly, Wojciech"]
[Black "Zawadzka, Jolanta"]
[Result "0-1"]
[WhiteElo "2016"]
[BlackElo "2349"]

1. d4 Nf6 2. Nf3 g6 3. e3 Bg7 4. Be2 O-O 5. O-O d5 6. b4 a5 7. b5 c5 8. Bb2
c4 9. Nc3 a4 10. Ba3 Re8 11. Ne5 Nbd7 12. f4 Nb6 13. Rb1 Nfd7 14. Bf3 Nf8
15. Bc5 e6 16. e4 f6 17. Ng4 dxe4 18. Nxe4 Nd5 19. Nd6 Nc3 20. Qe1 Nxb1 21.
Nxe8 Qxe8 22. Qxb1 Ra5 23. Bxf8 Qxf8 24. Be2 c3 25. Rf3 Qd6 26. Qd1 Bd7 27.
Rxc3 Qxf4 28. g3 Qd6 29. Re3 h5 30. Nf2 f5 31. c3 Bxb5 32. Nd3 Bxd3 33.
Bxd3 Kh7 34. Qb1 b6 35. Qe1 e5 36. dxe5 Rxe5 37. Rxe5 Bxe5 38. Bc2 Qc5+ 39.
Kg2 Bxc3 40. Qe6 b5 41. Bd3 Bg7 42. h3 Qb4 43. Qe2 h4 44. gxh4 Qxh4 45.
Bxb5 Qg5+ 46. Kf3 f4 47. Bd3 Qg3+ 48. Ke4 f3 49. Qf1 f2 50. Kd5 a3 51. Kc4
Qc7+ 52. Kd5 Qf7+ 53. Kc6 Qxa2 54. Qd1 Qe6+ 55. Kb5 Qe5+ 56. Kc6 Qf6+ 57.
Kd7 a2 58. Qh5+ Bh6 0-1

[Event "Najdorf Memorial"]
[Site "Warsaw POL"]
[Date "2024.07.11"]
[Round "3.19"]
[White "Zysko, Jan"]
[Black "Jarmula, Lukasz"]
[Result "0-1"]
[WhiteElo "2089"]
[BlackElo "2432"]

1. e4 d5 2. exd5 Qxd5 3. Nc3 Qd6 4. d4 Nf6 5. Nf3 c6 6. Be2 Bg4 7. h3 Bh5
8. O-O Nbd7 9. Re1 Rd8 10. Be3 e6 11. Ne5 Nxe5 12. Bxh5 Ng6 13. Bf3 Qc7 14.
Ne4 Nd5 15. Bg5 Be7 16. Bxe7 Qxe7 17. Qd2 Nh4 18. Be2 O-O 19. Rad1 Nf6 20.
Qg5 Ng6 21. Bf3 Rd7 22. c3 Rfd8 23. Nxf6+ gxf6 24. Qh5 f5 25. g4 fxg4 26.
Qxg4 Qf6 27. Be4 Kh8 28. Qf3 Qh4 29. Bxg6 hxg6 30. Re4 Qe7 31. Qf4 Kg7 32.
Qe5+ Kg8 33. c4 Qf8 34. Kg2 Qg7 35. Qxg7+ Kxg7 36. b4 b5 37. cxb5 cxb5 38.
Kf3 Rd5 39. Rd3 Kf6 40. Ke3 Rh5 41. h4 a5 42. bxa5 Ra8 43. Re5 Rxe5+ 44.
dxe5+ Kxe5 45. f4+ Kf5 46. Ra3 Ra6 47. Kd4 Kxf4 48. Kc5 e5 49. Kxb5 Ra8 50.
Kb6 e4 51. Kb7 Re8 52. Rc3 e3 53. a6 e2 54. Rc1 e1=Q 55. Rxe1 Rxe1 56. a7
Re7+ 57. Kb6 Re8 58. Kb7 f5 59. a8=Q Rxa8 60. Kxa8 Ke5 0-1

[Event "Najdorf Memorial"]
[Site "Warsaw POL"]
[Date "2024.07.11"]
[Round "3.20"]
[White "Praczukowski, Stanislaw"]
[Black "Romanishin, Oleg M"]
[Result "1/2-1/2"]
[WhiteElo "2086"]
[BlackElo "2331"]

1. d4 d5 2. c4 dxc4 3. e3 g6 4. Bxc4 Bg7 5. Nf3 Nh6 6. e4 O-O 7. h3 c5 8.
d5 Nd7 9. Nc3 Nb6 10. Bb3 f5 11. e5 c4 12. Bc2 e6 13. Bg5 Qe8 14. O-O Nf7
15. Bf4 Nxd5 16. Nxd5 exd5 17. Qxd5 Be6 18. Qxb7 Rb8 19. Qxa7 Rxb2 20. Ba4
Qa8 21. Qd4 Re2 22. Qd1 Re4 23. Bh2 Nxe5 24. Nxe5 Bxe5 25. Bxe5 Rxe5 26.
Qd6 Qb8 27. Rad1 Qxd6 28. Rxd6 Bf7 29. Bc6 Rb8 30. Rd2 Rc5 31. Bf3 c3 32.
Rc2 Rb2 33. Rfc1 Rxc2 34. Rxc2 Bxa2 35. Rxa2 c2 36. Rxc2 Rxc2 37. h4 f4 38.
g3 fxg3 39. fxg3 Kg7 40. Kf1 Kf6 41. Kg1 Ke5 42. Kf1 Kd4 43. Kg1 Ke3 44.
Bd5 h5 45. Bb7 Rc7 46. Ba8 Rc5 47. Kg2 g5 48. hxg5 Rxg5 49. Kh3 Rg4 50. Bc6
Kf2 51. Be8 Rxg3+ 52. Kh4 Kf3 53. Kxh5 Kf4 54. Kh6 Kf5 55. Kh7 Kf6 56. Bb5
Rc3 57. Be2 Rc7+ 58. Kg8 Rg7+ 59. Kh8 Rg3 60. Bc4 Rc3 61. Bg8 Rc8 62. Kh7
Rc7+ 63. Kh8 Kg6 64. Ba2 Rh7+ 65. Kg8 Ra7 66. Bb1+ Kf6 67. Bc2 Rb7 68. Bd3
Rb6 69. Bc2 Ke5 1/2-1/2

[Event "Najdorf Memorial"]
[Site "Warsaw POL"]
[Date "2024.07.11"]
[Round "3.21"]
[White "Deszczynski, Adam"]
[Black "Patil, Harshal"]
[Result "1/2-1/2"]
[WhiteElo "2305"]
[BlackElo "2083"]

1. e4 c5 2. Nf3 d6 3. c3 Nf6 4. Bd3 g6 5. Bc2 Nc6 6. h3 Bg7 7. d4 O-O 8.
O-O Qc7 9. Re1 cxd4 10. cxd4 e5 11. Be3 d5 12. Nc3 exd4 13. Nxd4 dxe4 14.
Ndb5 Qe5 15. Qd6 Bf5 16. Rad1 Rfd8 17. Qxe5 Nxe5 18. Bxa7 Nd3 19. Bxd3 exd3
20. Bb6 Re8 21. Rxe8+ Rxe8 22. g4 Bd7 23. Rxd3 Re1+ 24. Kg2 h5 25. f3 Bc6
26. Kf2 Rh1 27. Nd4 Rh2+ 28. Kg3 Rxb2 29. Nxc6 Rxb6 30. Ne7+ Kf8 31. Nc8
Rc6 32. Rd8+ Ne8 33. Nd5 hxg4 34. hxg4 Be5+ 35. f4 Bf6 36. Nxf6 Rxf6 37. g5
Ra6 38. Rd7 Ra3+ 39. Kg4 Rxa2 40. Rxb7 1/2-1/2

[Event "Najdorf Memorial"]
[Site "Warsaw POL"]
[Date "2024.07.11"]
[Round "3.22"]
[White "Mulawa, Cyprian"]
[Black "Suska, Szymon"]
[Result "1-0"]
[WhiteElo "2302"]
[BlackElo "2079"]

1. d4 Nf6 2. g3 e6 3. Bg2 d5 4. Nf3 Bb4+ 5. c3 Be7 6. O-O O-O 7. c4 c6 8.
Nc3 Nbd7 9. Qd3 c5 10. cxd5 exd5 11. Bf4 cxd4 12. Nxd4 Nc5 13. Qc2 Bg4 14.
Rad1 Rc8 15. Ndb5 Nce4 16. Qb1 Nxc3 17. Nxc3 Rxc3 18. bxc3 Bxe2 19. Qxb7
Bxf1 20. Kxf1 Bc5 21. Bxd5 Nxd5 22. Rxd5 Qb6 23. Qxb6 axb6 24. a4 Rc8 25.
Rd7 f6 26. Rb7 Ra8 27. Rb8+ Rxb8 28. Bxb8 Kf7 29. Ba7 Ke6 30. a5 bxa5 31.
Bxc5 Kd5 32. Bf8 a4 33. Ke2 Kc4 34. Kd2 g6 35. Kc2 1-0

[Event "Najdorf Memorial"]
[Site "Warsaw POL"]
[Date "2024.07.11"]
[Round "3.23"]
[White "Orzechowski, Jacek"]
[Black "Chomczyk, Marek"]
[Result "0-1"]
[WhiteElo "2072"]
[BlackElo "2297"]

1. Nf3 Nf6 2. c4 c5 3. Nc3 Nc6 4. d4 cxd4 5. Nxd4 e6 6. a3 Bc5 7. e3 d5 8.
Nxc6 bxc6 9. cxd5 cxd5 10. Bb5+ Bd7 11. Bxd7+ Nxd7 12. O-O O-O 13. Qe2 Ne5
14. Kh1 Qh4 15. f4 Ng4 16. h3 f5 17. Bd2 Nf6 18. Rac1 Bb6 19. Qe1 Qxe1 20.
Rfxe1 Rfb8 21. Rc2 Bd8 22. Ne2 Ne4 23. Nd4 Bh4 24. Rb1 Rb6 25. Ba5 Ra6 26.
Be1 Bf6 27. Nc6 Nd6 28. Nb4 Rb6 29. Bc3 Bxc3 30. Rxc3 Nc4 31. Nd3 Rab8 32.
Nc5 Rc6 33. Nd7 Rb7 34. b3 Rxd7 35. bxc4 dxc4 36. Rb4 Rdc7 37. Kg1 Kf7 38.
Kf2 Kf6 39. Kf3 e5 40. e4 exf4 41. Kxf4 g5+ 42. Kf3 f4 43. h4 h6 44. hxg5+
hxg5 45. Rb5 Rc5 46. Rb8 Ke5 47. Rb4 g4+ 48. Kxg4 Rg7+ 49. Kh3 Kd4 0-1

[Event "Najdorf Memorial"]
[Site "Warsaw POL"]
[Date "2024.07.11"]
[Round "3.24"]
[White "Janeczko, Jakub"]
[Black "Krawczyk, Wojciech"]
[Result "1-0"]
[WhiteElo "2246"]
[BlackElo "2072"]

1. e4 c6 2. d4 d6 3. f4 d5 4. e5 h5 5. Bd3 g6 6. Nf3 Bg4 7. O-O e6 8. Nbd2
Nh6 9. h3 Bxf3 10. Nxf3 h4 11. Be3 Be7 12. c3 Nd7 13. a4 Nf5 14. Bxf5 gxf5
15. a5 b5 16. axb6 axb6 17. Rxa8 Qxa8 18. Qa1 Qb7 19. Qa2 Kd8 20. Ra1 Kc7
21. c4 dxc4 22. Qxc4 Ra8 23. Rc1 b5 24. Qd3 Kd8 25. Bf2 Nb6 26. Bxh4 Bxh4
27. Nxh4 Ra2 28. Qg3 Qd7 29. Nf3 Nd5 30. h4 Ne3 31. h5 f6 32. h6 Ng4 33.
Qh4 Qh7 34. exf6 Ke8 35. f7+ Kf8 36. Qd8+ 1-0

[Event "Najdorf Memorial"]
[Site "Warsaw POL"]
[Date "2024.07.11"]
[Round "3.25"]
[White "Majocha, Piotr"]
[Black "Terkiewicz, Bruno"]
[Result "0-1"]
[WhiteElo "2066"]
[BlackElo "2170"]

1. Nf3 d5 2. e3 Nf6 3. c4 e6 4. b3 c5 5. Bb2 Nc6 6. cxd5 exd5 7. d4 cxd4 8.
Nxd4 Bb4+ 9. Bc3 a5 10. a3 Bc5 11. Be2 O-O 12. O-O Re8 13. Bf3 Qe7 14. Nxc6
bxc6 15. Qc2 Ng4 16. Bxg4 Bxg4 17. b4 Bd6 18. Nd2 h5 19. bxa5 Qg5 20. Kh1
Qh4 21. g3 Qh3 22. Rg1 h4 23. Qd3 hxg3 24. fxg3 Bc5 25. Bd4 Bxd4 26. Qxd4
Re4 27. Qd3 Rae8 28. Qf1 Rxe3 29. Qxh3 Bxh3 30. a6 Ra8 31. Rge1 Rxe1+ 32.
Rxe1 Rxa6 33. Re3 Kf8 34. Kg1 Be6 35. Kf2 d4 36. Rf3 c5 37. Nb3 Rc6 38. Na5
Rc7 39. Ke1 c4 40. Kd2 c3+ 41. Kc1 Rc5 42. Nb7 Re5 43. Rd3 Bb3 0-1

[Event "Najdorf Memorial"]
[Site "Warsaw POL"]
[Date "2024.07.11"]
[Round "3.26"]
[White "Dahale, Atul"]
[Black "Krol, Jan"]
[Result "1/2-1/2"]
[WhiteElo "2169"]
[BlackElo "2064"]

1. e4 c5 2. Nf3 d6 3. Bb5+ Bd7 4. c4 Nc6 5. Nc3 Nf6 6. O-O a6 7. Bxc6 Bxc6
8. Re1 e5 9. d3 Be7 10. a3 b5 11. b4 cxb4 12. axb4 O-O 13. Nd5 bxc4 14.
dxc4 Bxd5 15. cxd5 Qb8 16. Bd2 Rc8 17. Qe2 Qb5 18. h3 Bd8 19. Qxb5 axb5 20.
Rxa8 Rxa8 21. Bg5 h6 22. Bxf6 Bxf6 23. Rc1 Ra4 24. Rc8+ Kh7 25. Rc6 Rxb4
26. Rxd6 Rxe4 27. Rb6 Rb4 28. d6 e4 29. Nd2 Rd4 30. Nb3 Rd1+ 31. Kh2 Be5+
32. g3 Bxd6 33. Rxb5 Rb1 34. Nd4 Rxb5 35. Nxb5 Be5 36. Kg2 f5 37. f3 Kg6
38. Kf2 Kg5 39. fxe4 fxe4 40. Ke3 Bxg3 41. Kxe4 Kh4 42. Kf5 Kxh3 43. Nd4
Be1 44. Kg6 Kg4 45. Nf5 h5 46. Ne3+ Kf3 47. Nf5 Kf4 48. Kxh5 Kxf5 1/2-1/2

[Event "Najdorf Memorial"]
[Site "Warsaw POL"]
[Date "2024.07.11"]
[Round "3.27"]
[White "Maslanka, Wojciech"]
[Black "Gbiorczyk, Mikolaj"]
[Result "0-1"]
[WhiteElo "2166"]
[BlackElo "2034"]

1. d4 Nf6 2. c4 g6 3. Nc3 Bg7 4. e4 d6 5. h3 O-O 6. Be3 e5 7. d5 Na6 8. g4
Nc5 9. Qc2 c6 10. Nge2 a5 11. Ng3 a4 12. g5 Ne8 13. O-O-O Qa5 14. f3 a3 15.
b3 f5 16. gxf6 Nxf6 17. Be2 cxd5 18. Nxd5 Nxd5 19. Rxd5 Qc7 20. Rhd1 Ne6
21. c5 dxc5 22. Bxc5 Nxc5 23. Rxc5 Qe7 24. Kb1 Bxh3 25. Rh1 Rac8 26. Bc4+
Be6 27. Rxc8 Rxc8 28. Bxe6+ Qxe6 29. Qd3 Qc6 30. Ne2 Qb6 31. Rc1 Rxc1+ 32.
Kxc1 h5 33. Kd2 Qf2 34. b4 Kh7 35. Kc2 h4 36. Kb3 g5 37. Kxa3 b5 38. Nc3 h3
39. f4 g4 40. Qd7 Qxf4 41. Qe8 h2 42. Qh5+ Qh6 43. Qf5+ Kh8 0-1

[Event "Najdorf Memorial"]
[Site "Warsaw POL"]
[Date "2024.07.11"]
[Round "3.28"]
[White "Szymkiewicz, Witold"]
[Black "Chmiel, Marcin"]
[Result "1-0"]
[WhiteElo "2054"]
[BlackElo "2161"]

1. e4 e5 2. Nf3 Nc6 3. Bc4 Bc5 4. O-O Nf6 5. d3 O-O 6. Bg5 h6 7. Bh4 Be7 8.
Nbd2 d6 9. a4 Kh8 10. c3 Nh7 11. Bxe7 Qxe7 12. d4 f5 13. dxe5 Nxe5 14. Nxe5
Qxe5 15. exf5 Bxf5 16. Nf3 Qf4 17. Qd4 Be4 18. Bd5 Bxd5 19. Qxd5 c6 20. Qd4
Qxd4 21. Nxd4 Rae8 22. Rfe1 Kg8 23. a5 a6 24. f3 g6 25. Rad1 Kf7 26. Kf2
Nf6 27. g4 Rxe1 28. Rxe1 c5 29. Nc2 Rb8 30. Rd1 b6 31. Rxd6 bxa5 32. Kg3
Rxb2 33. Ne3 Rb3 34. Rxa6 a4 35. Ra7+ Ke6 36. Rxa4 Rxc3 37. Ra6+ Kd7 38.
Rxf6 Rxe3 39. Rxg6 c4 40. Rxh6 c3 41. Ra6 c2 42. Ra1 Rc3 43. Rc1 Ke6 44. h4
Kf6 45. Kf4 Rc4+ 46. Ke3 Ke5 47. Kd2 Rf4 48. Re1+ Kd5 49. Rf1 Rc4 50. h5
Ke5 51. f4+ Kf6 52. g5+ Kf5 53. g6 Kf6 54. Kc1 Rc3 55. Rg1 Kg7 56. h6+ Kg8
57. f5 Rf3 58. g7 1-0

[Event "Najdorf Memorial"]
[Site "Warsaw POL"]
[Date "2024.07.11"]
[Round "3.29"]
[White "Aishwin, Daniel"]
[Black "Bergan, Gaute"]
[Result "1/2-1/2"]
[WhiteElo "2155"]
[BlackElo "2027"]

1. e4 e5 2. Nf3 Nc6 3. d4 exd4 4. Nxd4 Bc5 5. Nb3 Bb6 6. Nc3 Nf6 7. Qe2 d6
8. a4 Ng4 9. Nd1 a6 10. h3 Nge5 11. Be3 1/2-1/2

[Event "Najdorf Memorial"]
[Site "Warsaw POL"]
[Date "2024.07.11"]
[Round "3.31"]
[White "Kubik, Rafal"]
[Black "Zareba, Piotr"]
[Result "1-0"]
[WhiteElo "2118"]
[BlackElo "2003"]

1. e4 c6 2. d4 d5 3. e5 Bf5 4. Nf3 e6 5. Be2 Nd7 6. O-O Ne7 7. c3 c5 8.
dxc5 Nxc5 9. Nd4 Bxb1 10. Rxb1 Nc6 11. Bb5 Rc8 12. Qg4 Nd7 13. Qg3 g6 14.
Be3 Bg7 15. f4 Nxd4 16. Bxd4 a6 17. Bd3 O-O 18. Qe3 Qc7 19. g4 b5 20. b4
Rfe8 21. a4 Qc6 22. Ra1 f6 23. axb5 axb5 24. Ra5 fxe5 25. fxe5 Ra8 26. Bxb5
Qc7 27. Rfa1 Rxa5 28. Rxa5 Rb8 29. Ra7 Rb7 30. Bxd7 Rxa7 31. Bxe6+ Kh8 32.
Bxa7 Qc4 33. Qc5 Qf4 34. Qe3 Qc4 35. Bd4 Qb3 36. Qe1 Qa2 37. Qd1 Bh6 38.
Bf7 Bg7 39. e6 h5 40. e7 Bxd4+ 41. Qxd4+ Kh7 42. Bxg6+ Kh6 43. Qf4+ Kg7 44.
Qf8+ Kxg6 45. e8=Q+ Kg5 46. Qf5+ Kh4 47. Qe7+ Kh3 48. gxh5# 1-0